000 00567nam a2200193Ia 4500
005 20260429112315.0
008 260429s9999||||xx |||||||||||||| ||und||
020 _a9780367240158
041 _aEnglish
082 _a519.535
_bHAH
100 _aHahs- Vaughn, Debbie L.
245 0 _aApplied multivariate statistical concepts /
_cDebbie L. Hahs- Vaughn
260 _aNew York :
_bRoutlege/ T&F India ,
_c2025.
300 _axiii, 647 p.; pbk
650 _a Applied statistics
650 _a Statistical methods
650 _aMultivariate analysis
942 _cTB
999 _c53404
_d53404